000 00895nam a2200265Ia 4500
003 OSt
005 20221005111708.0
006 a|||||r|||| 00| 0
007 ta
008 221004b |||||||| |||| 00| 0 hin d
020 _a9788189790820 (hbk)
024 _a2030
037 _bGift, 24/01/2013,
_cTextual
040 _aCRL
_cCRL
_bhin
041 _2hin
_ahin
082 _aO152,1N28,GS, Q0
100 _aगर्ग, आर्यभूषण
245 0 _aगांधारी का सच
246 _aGāandhārī kā sacha
260 _aबिजनौर
_bहिंदी साहित्य निकेतन भारत
_c2010
300 _a110पृ0
_ccm.
650 _aहिन्दी साहित्य
942 _hO152,1N28,GS, Q0
_cTEXL
_2cc
999 _c1022614
_d1022614